000 00380nam a2200145Ia 4500
008 090124s9999 xx 000 0 und d
082 _b133917
_a103390
245 _a पाऊल खुणा
250 _a1
260 _bपदकी सरिता
_c2006
300 _a200
630 _a पाऊल खुणा
730 _a पाऊल खुणा
942 _cBOOK
999 _c180228
_d180228